000 00592nam a2200193 a 4500
001 000010346
005 20240412074217.0
008 091006s1981 dr a r 000 p spa d
040 _aDO-SdBNP
_bspa
_cBNPHU
082 _aRD861.44
_bG216m
100 1 _aGarcía Cartagena, Manuel
_912067
245 1 0 _aMar abierto /
_cManuel García Cartagena.
260 _aSanto Domingo :
_bMil,
_c1981.
300 _a70 p. :
_bil. ;
_c21 cm.
590 _aInventariado, 2018/BT
650 0 _aPoesía dominicana
_966
650 0 _aLiteratura dominicana.
_967
910 _aValidado. Control de calidad. MMOLINA
999 _c10105
_d10105